Joueurs français ayant joué à Manchester City - Statistiques

Statistiques générales
  • Ce quiz a été pris 99 fois
  • Le résultat moyen est 6 sur 17
Statistiques - réponses
Année d'arrivée Année de départ Club précédant Club suivant Nombre de match Joueurs % Correct
2025 En cours Olympique Lyonnais En cours 44 Rayan Cherki
99%
2017 2023 AS Monaco FC Lorient 75 Benjamin Mendy
78%
2011 2017 Arsenal FC Basaksehir FK 203 Gaël Clichy
76%
2011 2016 Arsenal FC Séville FC 176 Samir Nasri
73%
2014 2017 Arsenal FC Sans club 86 Bacary Sagna
63%
2014 2018 FC Porto FC Everton 19 Eliaquim Mangala
58%
2010 2011 Inter Milan Fin de carrière 46 Patrick Vieira
48%
2002 2005 Paris Saint-Germain Fenerbahce 103 Nicolas Anelka
47%
2002 2007 Paris Saint-Germain FC Portsmouth 206 Sylvain Distin
18%
2018 2022 Paris Saint-Germain B Palerme FC 3 Claudio Gomes
14%
2003 2006 RC Lens Newcastle United 107 Antoine Sibierski
7%
2015 2016 Girona FC SD Eibar 0 Florian Lejeune
7%
2006 2008 Lazio Rome Lazio Rome 18 Ousmane Dabo
7%
2002 2002 FC Nantes Paris Saint-Germain 2 Alioune Touré
3%
2015 2017 RC Lens U19 Sans Club 1 David Faupala
1%
2000 2003 Newcastle United FC Sochaux Montbéliard 24 Laurent Charvet
1%
2008 2013 INF Clairefontaine Sheffield Wednesday 1 Jérémy Hélan
0%
Aucun quiz correspondant
Distribution des résultats
% des personnes avec chaque résultat
Percentile par nombre de réponses
Votre historique - résultats
Vous n’avez pas pris ce quiz